000 00479nam a2200181Ia 4500
003 GCL
008 140319s9999 xx 000 0 eng d
040 _aGCL /
_cGCL
082 0 4 _a843
_bV V
100 1 _aVERNE, JULES
245 1 0 _aVOYAGE AU CENTRE DE LA TERRE /
_cVERNE, JULES
260 _a[S.N] :
_bBIBLIOTHEQUE D' EDUCALIOX ET DE RECRATIO
300 _a374\P
490 _aLE LIVRE DE POCHE
_v0
650 0 4 _aLITERATURE
650 0 4 _aFRENCH LITERATURE
942 _2ddc
_cBK
999 _c22392
_d22392